| 000 | 00951cam a2200193 a 4500 | ||
|---|---|---|---|
| 001 | 000026122 | ||
| 005 | 20200930024324.0 | ||
| 008 | 810327s1969 ag 000 | spa d | ||
| 040 |
_aDO-SdBNP _bspa _cBNPHU |
||
| 082 |
_axxxx _bD926c |
||
| 100 | 1 |
_aDunstan, Irene Z. _953080 |
|
| 245 | 1 | 0 |
_aComo crear buenos hábitos, seguridad y aptitud física en el niño / _cIrene Z. Dunstan, Lonnie Gilliland, Bernard W. Dolat. |
| 260 |
_aBuenos Aires : _bCentro Regional de Ayuda Técnica : _bAgencia para el Desarrollo Internacional , _c1969. |
||
| 300 |
_a161 p. ; _c18 cm. |
||
| 500 | _aBibliografía : p. 153-161 | ||
| 505 | 1 |
_gCap 1 -- _tDesarrollo de buen hábitos en el jardín de infante / _rIrene Z. Dunstan -- _gCap. 2 -- _tLa seguridad en la escuela, el hogar y la comunidad / _rLonnie Gilliland -- _gCap. 3 -- _tAspectos fundamentales de la aptitud física / _rBernard W. Dolat. |
|
| 700 | 1 |
_aDolat, Bernard W. _953081 |
|
| 700 | 1 |
_aGilliland, Lonnie, _953082 |
|
| 999 |
_c25614 _d25614 |
||